Annual report - N. C. State University-Industry Cooperative Tree Improvement Program.

Bibliographic Details
Previous Title:Annual report- Cooperative tree improvement and hardwood research programs
Corporate Authors: North Carolina State University. Cooperative Tree Improvement Program, North Carolina State University. School of Forest Resources
Format: Journal
Language:English
Published: Raleigh, N.C. : School of Forest Resources, North Carolina State University, 1978-
Subjects:

MARC

Tag First Indicator Second Indicator Subfields
LEADER 00000cas a2200000 4500
001 in00000092045
005 20151008064132.0
008 790116c19uu ncuar p s0uuua0eng d
035 |a (OCoLC)04555033 
035 |9 AAK3599AM 
040 |a NRC  |c NRC  |d YUS  |d MUL  |d TXA  |d UtOrBLW 
049 |a TXAE 
090 |a SD399.5.N67  |b A2 
245 0 0 |a Annual report - N. C. State University-Industry Cooperative Tree Improvement Program. 
264 1 |a Raleigh, N.C. :  |b School of Forest Resources, North Carolina State University,  |c 1978- 
300 |a  volumes :  |b illustrations ;  |c 28 cm. 
336 |a text  |b txt  |2 rdacontent 
337 |a unmediated  |b n  |2 rdamedia 
338 |a volume  |b nc  |2 rdacarrier 
362 0 |a 22nd (1978)- 
580 |a Vols. for 1967/68-1976/77 issued with: North Carolina. State University. Cooperative Hardwood Research Program. Annual report. 
650 0 |a Trees  |x Breeding  |x Periodicals. 
710 2 |a North Carolina State University.  |b Cooperative Tree Improvement Program. 
710 2 |a North Carolina State University.  |b School of Forest Resources. 
780 0 1 |t Annual report- Cooperative tree improvement and hardwood research programs 
999 |a MARS 
999 f f |s 296d7949-e67a-3683-b869-6a5be99bba39  |i 1b05c1e7-68e0-3a9e-8626-0404a66fced2  |t 0 
952 f f |p ric  |a Texas A&M University  |b Rellis Campus  |c Joint Library Facility  |d Remote Storage  |t 0  |e SD399.5.N67 A2  |h Library of Congress classification  |i unmediated -- volume  |k 31st  |l 1987  |m A14812293674 
952 f f |p ric  |a Texas A&M University  |b Rellis Campus  |c Joint Library Facility  |d Remote Storage  |t 0  |e SD399.5.N67 A2  |h Library of Congress classification  |i unmediated -- volume  |k 27th  |l 1983  |m A14808409409 
952 f f |p ric  |a Texas A&M University  |b Rellis Campus  |c Joint Library Facility  |d Remote Storage  |t 0  |e SD399.5.N67 A2  |h Library of Congress classification  |i unmediated -- volume  |k 32nd  |l 1988  |m A14812320879 
952 f f |p ric  |a Texas A&M University  |b Rellis Campus  |c Joint Library Facility  |d Remote Storage  |t 0  |e SD399.5.N67 A2  |h Library of Congress classification  |i unmediated -- volume  |k 28th  |l 1984  |m A14808409514 
952 f f |p ric  |a Texas A&M University  |b Rellis Campus  |c Joint Library Facility  |d Remote Storage  |t 0  |e SD399.5.N67 A2  |h Library of Congress classification  |i unmediated -- volume  |k 30th  |l 1986  |m A14809738819 
952 f f |p ric  |a Texas A&M University  |b Rellis Campus  |c Joint Library Facility  |d Remote Storage  |t 0  |e SD399.5.N67 A2  |h Library of Congress classification  |i unmediated -- volume  |k 22nd  |l 1978  |m A14816165409 
952 f f |p ric  |a Texas A&M University  |b Rellis Campus  |c Joint Library Facility  |d Remote Storage  |t 0  |e SD399.5.N67 A2  |h Library of Congress classification  |i unmediated -- volume  |k 25th  |l 1981  |m A14807254699 
952 f f |p ric  |a Texas A&M University  |b Rellis Campus  |c Joint Library Facility  |d Remote Storage  |t 0  |e SD399.5.N67 A2  |h Library of Congress classification  |i unmediated -- volume  |k 29th  |l 1985  |m A14809738576 
952 f f |p ric  |a Texas A&M University  |b Rellis Campus  |c Joint Library Facility  |d Remote Storage  |t 0  |e SD399.5.N67 A2  |h Library of Congress classification  |i unmediated -- volume  |k 23rd  |l 1979  |m A14851066333 
952 f f |p ric  |a Texas A&M University  |b Rellis Campus  |c Joint Library Facility  |d Remote Storage  |t 0  |e SD399.5.N67 A2  |h Library of Congress classification  |i unmediated -- volume  |k 26th  |l 1982  |m A14807219990 
952 f f |p ric  |a Texas A&M University  |b Rellis Campus  |c Joint Library Facility  |d Remote Storage  |t 0  |e SD399.5.N67 A2  |h Library of Congress classification  |i unmediated -- volume  |k 36th  |l 1992  |m A14815959774 
998 f f |a SD399.5.N67 A2  |s 36th (1992)  |t 0  |l Remote Storage